Điều trị bệnh bằng liệu pháp tự nhiên : Liệu pháp tự nhiên cho người béo phì
Gardado en:
| Formato: | Libro |
|---|---|
| Idioma: | Undetermined |
| Publicado: |
Hà Nội
Văn hóa Thông tin
2007
|
| Những chủ đề: | |
| Các nhãn: |
Engadir etiqueta
Sen Etiquetas, Sexa o primeiro en etiquetar este rexistro!
|
| Thư viện lưu trữ: | Trung tâm Học liệu Trường Đại học Cần Thơ |
|---|
| LEADER | 00604nam a2200193Ia 4500 | ||
|---|---|---|---|
| 001 | CTU_128288 | ||
| 008 | 210402s9999 xx 000 0 und d | ||
| 020 | |c 22500 | ||
| 082 | |a 615.882 | ||
| 082 | |b Đ309 | ||
| 245 | 0 | |a Điều trị bệnh bằng liệu pháp tự nhiên : | |
| 245 | 0 | |b Liệu pháp tự nhiên cho người béo phì | |
| 245 | 0 | |c Việt Văn (biên soạn) | |
| 260 | |a Hà Nội | ||
| 260 | |b Văn hóa Thông tin | ||
| 260 | |c 2007 | ||
| 650 | |a Folk medicine | ||
| 904 | |i Tuyến | ||
| 980 | |a Trung tâm Học liệu Trường Đại học Cần Thơ | ||